| 000 | 00644nam a22002057a 4500 | ||
|---|---|---|---|
| 005 | 20230718142650.0 | ||
| 008 | 230718b ||||| |||| 00| 0 eng d | ||
| 020 | _a808719023X | ||
| 040 | _cAL | ||
| 041 | _aEnglish | ||
| 082 |
_223 _a320.092 _bBISP |
||
| 100 |
_aOneil Biswas _9127609 |
||
| 245 | _aPhenomenon Named Ambedkar | ||
| 260 |
_aNew Delhi _bBlumoon Books _c1998 |
||
| 300 |
_aviii,359 p. _bPB _c21x13.7 cm. |
||
| 520 | _astudy of ideas and life of Ambedkar, work with Dalits and the Indian constitution. Also includes major writings | ||
| 650 |
_aAmbedkar Study _9127610 |
||
| 700 |
_aBISWAS (Oneil) _9127571 |
||
| 942 |
_2ddc _cDB |
||
| 999 |
_c227952 _d227952 |
||